Constructing Landscape : Materials, Techniques, Structural Components /
Guardado en:
| Otros Autores: | |
|---|---|
| Formato: | Libro |
| Lenguaje: | inglés |
| Publicado: |
Basel :
Birkhäuser,
2009
|
| Etiquetas: |
Sin Etiquetas, Sea el primero en etiquetar este registro!
|
MARC
| LEADER | 00000nam a22000003a 4500 | ||
|---|---|---|---|
| 001 | stu182058 | ||
| 005 | 20150617225558.6 | ||
| 008 | 090323s2009------------------------eng-d | ||
| 020 | |a 978-3-7643-8600-9 | ||
| 040 | |a STU |b slo | ||
| 041 | 0 | |a eng | |
| 100 | 1 | |a Zimmermann, Astrid |4 edt | |
| 245 | 1 | |a Constructing Landscape : |b Materials, Techniques, Structural Components / |c Ed.by Astrid Zimmermann | |
| 260 | |a Basel : |b Birkhäuser, |c 2009 | ||
| 300 | |a 532 s | ||
| 996 | |b 284AU04241 |c A*6493 |l AA6160 |s P |a 0 |w stu182058_0001 | ||